000 00953cab a2200325 4500
001 ABS43685
008 090401t1990 xxu||||| |||| 00| 0 eng d
035 _a(Sirsi) u42987
041 _aeng
100 _aAdams, J.
245 _aPassing of risk and standard condition 5.1
260 _c1990
350 _a0
490 _aLaw Society`s Gazette
_v(40) 7 November 1990, 20-23(2)
520 _aThe author looks at insurance aspects of standard conditions of sale 5.1 between buyer and seller. Refers to case law.
650 _aCOMPLETION
650 _aCONVEYANCING
650 _aDOUBLE INSURANCE
650 _aLAW SOCIETY
650 _aPHILLIPS V LAMDIN
650 _aPROPERTY SALES
650 _aRISK
650 _aVENDOR AND PURCHASER
650 _aWARE V VERDERBEER
650 _aWITHDRAWAL FROM SALE
650 _aZIELNOMINEE PTY LTD V VACC INSURANCE CO
690 _aInsurance
_96249
942 _n0
948 _c04/03/1997
999 _c27490
_d27490